What Year Did They First Play At A FIFA World Cup? - Click Quiz - Statistics

General Stats
  • This quiz has been taken 101 times
  • The average score is 26 of 84
Answer Stats
Hint Explanation Answer % Correct
Argentina 1930
89%
Brazil 1930
79%
Uruguay 1930
61%
Qatar 2022
55%
France 1930
50%
Iceland 2018
50%
Chile 1930
49%
Croatia 1998
46%
China 2002
45%
Belgium 1930
44%
Bosnia and Herzegovina 2014
44%
Bolivia 1930
41%
Angola 2006
41%
Mexico 1930
40%
Trinidad and Tobago 2006
40%
United States 1930
39%
Austria 1934
39%
Czechoslovakia 1934
38%
Canada 1986
38%
Jamaica 1998
38%
Côte d'Ivoire 2006
38%
Hungary 1934
37%
Algeria 1982
37%
Panama 2018
37%
Kuwait 1982
35%
England 1950
34%
Democratic Republic of Congo As Zaire 1974
34%
Togo 2006
34%
North Korea 1966
33%
Ukraine 2006
33%
Slovakia 2010
33%
Italy 1934
32%
Costa Rica 1990
32%
Paraguay 1930
30%
Peru 1930
30%
Germany 1934
30%
Australia 1974
30%
East Germany 1974
30%
Yugoslavia 1930
29%
Switzerland 1934
29%
Cameroon 1982
29%
Portugal 1966
28%
Israel 1970
28%
Haiti 1974
28%
Nigeria 1994
28%
Czech Republic 2006
28%
Spain 1934
27%
Sweden 1934
27%
Wales 1958
27%
New Zealand 1982
27%
Republic of Ireland 1990
27%
United Arab Emirates 1990
27%
Greece 1994
27%
Saudi Arabia 1994
27%
Netherlands 1934
26%
Senegal 2002
26%
Serbia 2010
26%
Cuba 1938
24%
Northern Ireland 1958
24%
Russia 1994
24%
Japan 1998
24%
Romania 1930
23%
Iran 1978
23%
Honduras 1982
23%
South Africa 1998
23%
Ghana 2006
23%
Egypt 1934
22%
Indonesia As Dutch East Indies 1938
22%
Scotland 1954
22%
Denmark 1986
22%
Iraq 1986
22%
Slovenia 2002
22%
El Salvador 1970
21%
Turkey 1954
20%
Colombia 1962
20%
Ecuador 2002
17%
South Korea 1954
16%
Tunisia 1978
16%
Soviet Union 1958
15%
Bulgaria 1962
15%
Norway 1938
13%
Poland 1938
13%
Morocco 1970
13%
Serbia and Montenegro As FR Yugoslavia 1998
12%
No matching quizzes found
Score Distribution
Percent of People with Each Score
Percentile by Number Answered
Your Score History
You have not taken this quiz